| 000 | 00787nam a2200217 a 4500 | ||
|---|---|---|---|
| 001 | 47048 | ||
| 003 | BD-RjUL | ||
| 005 | 20211209054242.0 | ||
| 008 | 160806s1980 ii a|||| ||| 000 0 ben d | ||
| 035 | _a(BD-RjUL)47167 | ||
| 040 |
_aBD-RjUL _bben _cBD-RjUL |
||
| 041 | _aben | ||
| 082 |
_223 _a621.381 _bDAE 1980 |
||
| 100 | 1 | 0 |
_aদাঁ, অনাদি নাথ _9143288 |
| 245 | 1 | 0 |
_aইলেকট্রনিক্স =(Electronics) / _cঅনাদি নাথ দাঁ |
| 260 |
_aকলকাতা : _bপশ্চিম বঙ্গ রাজ্য পরষদ, _c১৯৮০ |
||
| 300 |
_a(২) ১৯৯ পৃ. : _bচিত্র. _c২০ সেমি. |
||
| 650 |
_aইলেকট্রনিক্স _9143289 |
||
| 650 |
_aElectronics _9143290 |
||
| 942 |
_2ddc _cBK |
||
| 999 |
_c47048 _d47048 |
||